Krause dietoterapia (Registro nro. 34807)
[ vista simple ]
| 000 -CABECERA | |
|---|---|
| Longitud fija campo de control | 00873nam a2200301 c 4500 |
| 001 - NÚMERO DE CONTROL | |
| Número de control | a6016303 |
| 003 - IDENTIFICADOR DELl NÚMERO DE CONTROL | |
| Identificador del número de control | SpMaBN |
| 005 - FECHA Y HORA DE LA ÚLTIMA TRANSACCIÓN | |
| Fecha y hora de la última transacción | 20240603223742.0 |
| 008 - CÓDIGOS DE INFORMACIÓN DE LONGITUD FIJA | |
| Códigos de información de longitud fija | 170830s2021 sp a | |||| 001 0 spa |
| 020 ## - NÚMERO INTERNACIONAL NORMALIZADO PARA LIBROS | |
| Número Internacional Normalizado para Libros (ISBN) | 978-84-9113-937-9 |
| 040 ## - FUENTE DE LA CATALOGACIÓN | |
| Centro catalogador de origen | SpMaBN |
| Lengua de catalogación | spa |
| Centro transcriptor | BMC |
| 041 1# - CÓDIGO DE LENGUA | |
| Código de lengua del texto/banda sonora o título independiente | spa |
| Código de lengua original | eng |
| 082 ## - NÚMERO DE LA CLASIFICACIÓN DECIMAL DEWEY | |
| Númeroo de clasificación | 613.2 |
| 082 ## - NÚMERO DE LA CLASIFICACIÓN DECIMAL DEWEY | |
| Númeroo de clasificación | 615.854 |
| 245 10 - MENCIÓN DE TÍTULO | |
| Título | Krause dietoterapia |
| Mención de responsabilidad, etc. | L. Kathleen Mahan, Janice L. Raymond, Kelly Morrows |
| 250 ## - MENCIÓN DE EDICIÓN | |
| Mención de edición | 15ª ed. |
| 260 ## - PUBLICACIÓN, DISTRIBUCIÓN, ETC. (PIE DE IMPRENTA) | |
| Lugar de publicación, distribución, etc. | Barcelona |
| Nombre del editor, distribuidor, etc. | Elsevier |
| Fecha de publicación, distribución, etc. | cop. 2021 |
| 300 ## - DESCRIPCIÓN FÍSICA | |
| Extensión | XV, 1201 p. |
| Otras características físicas | il. col., gráf. |
| Dimensiones | 28 cm |
| 504 ## - NOTA DE BIBLIOGRAFÍA, ETC | |
| Nota de bibliografía, etc. | Incluye referencias bibliográficas e índice |
| 650 #0 - PUNTO DE ACCESO ADICIONAL DE MATERIA - TÉRMINO DE MATERIA | |
| Término de materia o nombre geográfico como elemento inicial | Nutrición |
| 9 (RLIN) | 2745 |
| 650 #0 - PUNTO DE ACCESO ADICIONAL DE MATERIA - TÉRMINO DE MATERIA | |
| Término de materia o nombre geográfico como elemento inicial | Dietética |
| 9 (RLIN) | 23508 |
| 650 #0 - PUNTO DE ACCESO ADICIONAL DE MATERIA - TÉRMINO DE MATERIA | |
| Término de materia o nombre geográfico como elemento inicial | Dietas para enfermos |
| 9 (RLIN) | 23509 |
| 700 1# - PUNTO DE ACCESO ADICIONAL - NOMBRE DE PERSONA | |
| Nombre de persona | Mahan, L. Kathleen |
| 9 (RLIN) | 48296 |
| 700 1# - PUNTO DE ACCESO ADICIONAL - NOMBRE DE PERSONA | |
| Nombre de persona | Raymond, Janice L. |
| 9 (RLIN) | 48297 |
| 700 1# - PUNTO DE ACCESO ADICIONAL - NOMBRE DE PERSONA | |
| Nombre de persona | Morrows, Kelly |
| 9 (RLIN) | 48298 |
| 942 ## - ENTRADA DE ELEMENTOS AGREGADOS (KOHA) | |
| Fuente de clasificaión o esquema | Dewey Decimal Classification |
| Koha [por defecto] tipo de item | 1- Monografias |
| 956 ## - LOCALIZACIÓN Y ACCESO ELECTRÓNICO LOCAL (OCLC) | |
| Nombre de la fuente | 2 |
| Suprimido | Perdido | Fuente de clasificación o esquema | Estropeado | Restricciones de uso | No para préstamo | Código de colección | Localización permanente | Localización actual | Localización en estanter&íacute;as | Fecha adquisición | Fuente de adquisición | Número de inventario | Préstamos totales | Signatura completa | Código de barras | Fecha última consulta | Fecha último préstamo | Coste, precio reemplazado | Fecha del precio de reemplazo | Tipo de item de Koha |
|---|---|---|---|---|---|---|---|---|---|---|---|---|---|---|---|---|---|---|---|---|
| NULL | NULL | Dewey Decimal Classification | NULL | Prestable | NULL | NULL | Biblioteca Centro Regional de Ilobasco | Biblioteca Centro Regional de Ilobasco | Sala Principal | 20/01/2025 | Compra-Facultad Multidisciplinaria de Ilobasco | LI006100 | 613.2 KRA | 1052949 | 05/03/2026 | 225.00 | 03/02/2025 | 1- Monografias | ||
| NULL | NULL | Dewey Decimal Classification | NULL | Prestable | NULL | NULL | Biblioteca Centro Regional de Ilobasco | Biblioteca Centro Regional de Ilobasco | Sala Principal | 20/01/2025 | Compra-Facultad Multidisciplinaria de Ilobasco | LI006101 | 3 | 613.2 KRA | 1052950 | 05/03/2026 | 04/03/2026 | 225.00 | 03/02/2025 | 1- Monografias |
| NULL | NULL | Dewey Decimal Classification | NULL | Prestable | NULL | NULL | Biblioteca Centro Regional de Ilobasco | Biblioteca Centro Regional de Ilobasco | Sala Principal | 20/01/2025 | Compra-Facultad Multidisciplinaria de Ilobasco | LI006102 | 2 | 613.2 KRA | 1052951 | 05/03/2026 | 04/03/2026 | 225.00 | 03/02/2025 | 1- Monografias |
| NULL | NULL | Dewey Decimal Classification | NULL | Prestable | NULL | NULL | Biblioteca Miguel de Cervantes - UNICAES | Biblioteca Miguel de Cervantes - UNICAES | Sala Principal | 21/02/2024 | Compra-Facultad de Ciencias de la Salud | 035736 | 1 | 613.2 KRA | 1051579 | 19/02/2025 | 18/02/2025 | 200.00 | 04/04/2024 | 1- Monografias |
| NULL | NULL | Dewey Decimal Classification | NULL | Prestable | NULL | NULL | Biblioteca Miguel de Cervantes - UNICAES | Biblioteca Miguel de Cervantes - UNICAES | Sala Principal | 21/02/2024 | Compra-Facultad de Ciencias de la Salud | 035737 | 613.2 KRA | 1051580 | 04/04/2024 | 200.00 | 04/04/2024 | 1- Monografias | ||
| NULL | NULL | Dewey Decimal Classification | NULL | Prestable | NULL | NULL | Biblioteca Miguel de Cervantes - UNICAES | Biblioteca Miguel de Cervantes - UNICAES | Sala Principal | 21/02/2024 | Compra-Facultad de Ciencias de la Salud | 035738 | 2 | 613.2 KRA | 1051581 | 19/03/2025 | 05/03/2025 | 200.00 | 04/04/2024 | 1- Monografias |